000 00967nam a2200265Ia 4500
003 OSt
005 20220923211440.0
006 a|||||r|||| 00| 0
007 ta
008 220922b |||||||| |||| 00| 0 hin d
020 _a9789350008331 (hbk)
_c295
024 _a274,113
037 _b97, 05/09/2013, Vani Prakashan
_cTextual
040 _aARTS
_cARTS
_bhin
041 _2hin
_ahin
082 _aO594,3x, 152Q1
100 _aमेहता, अमृत, संपा.
245 0 _aस्विट्ज़रलैंड
_b आधुनिक कहानी
246 _aSviṭज़ralaianḍa: ādhunik kahānī
260 _aदिल्ली
_b वाणी प्रकाशन
_c2011
300 _a183पृ.
_ccm.
650 _aहिन्दी साहित्य
_9156264
942 _hO594,3x, 152Q1
_cTEXL
_2CC
999 _c299655
_d299655